000 00290nam a22001217a 4500
008 170912b xxu||||| |||| 00| 0 eng d
041 _aeng
080 _a53
100 _a43
101 _aFIZ
245 _aEXPERIMENT FOR AN INTRODUCTORY PHYSICS COURSE
_cHYADEN.M
942 _2udc
_cBK
999 _c27240
_d27240